00722nam a2200169 a 4500008004100000020001500041050001700056100002900073245008700102246007000189260003600259300002100295350000900316995008500325999001700410952012500427120416s0000 ||||||||||||||||| || u a0387185704 aTA 658.2 IFI aThoft-Christensen, Palle10aReliability and optimization of structural systemscedited by P. Thoft-Christensen aproceedings of the first IFIP WG 7.5 conference... May 6-8, 1987. aNew YorkbSpringer-Verlagc1987 avi, 473p. : ill. a0.00 D0.00FCBU-MAIN LIBRARY (Kitwe)H1I71.50UAVAILABLEZAnnex Low-Usage Collection  c56019d56019 00102lcc4070a001b001cAnnex Low-Usage Collection d2022-11-30l0oTA 658.2 IFIp018865r2022-11-30w2022-11-30y002